Responses for Show #7036 - Monday, March 30, 2015

Michael Bilow game 2.

Contestants

[<< previous game]

Cynthia Davis, a patent attorney from Atlanta, Georgia

David Zimand, an elementary school administrator from Silver Spring, Maryland

Michael Bilow, a Ph.D. student in computer science originally from Chicago, Illinois (whose 1-day cash winnings total $12,401)

[next game >>]

Jeopardy! Round responses

BOTTLES OF WATER
PRISON ESCAPES
SHAKESPEARE SETS THE PLAY
ADJECTIVES
ALTER EGOS
JEOPARDY! AROUND THE WORLD
    $200 29
(Michael: [Selecting] BOTTLES OF WATER for $200, please.)
...
(David: What is Evian?)

Perrier

MichaelDavid
    $200 5
bedsheets

Michael
    $200 8
Hamlet

David
    $200 17
ripe

Cynthia
    $200 7
Catwoman

David
    $200 1
Cyrillic

Cynthia
    $400 30
Evian

David
    $400 19
Alcatraz

Michael
    $400 9
Macbeth

Cynthia
    $400 18
(Michael: What is dredged?)
(Alex: No. Cynthia.)
(Cynthia: Wh--what is dredged?)
(Alex: No, he said that.)

battered

MichaelDavidCynthia
    $400 13
Wonder Woman

Michael
    $400 2
Estonia

Michael
    $600 23
(David: [Selecting] I will take BODIES OF WATER for $600.)

(Donald) Trump

David
    $600 20
Cuba

Michael
    $600 10
The Tempest

David
    $600 28
pathological

Triple Stumper
    $600 14
Wolverine

Michael
    $600 3
Tim Burton

David
    $800 24
(David: [Selecting] BODIES OF WATER for $800.)

Fiji

Michael
    $800 21
(David: What is the Red Brigade?)

the IRA (the Irish Republican Army)

David
Triple Stumper
    $800 11
Troilus and Cressida

Michael
    $800 26
papal

Michael
    $800 15
the Thing

Michael
    $800 4
krone

David
    $1000 25
(Michael: BODIES OF WATER for $1,000.)
(Alex: You guys keep saying BODIES. It's BOTTLES.)
...
(Alex: And it's called [*], not Déjà Vu.)

Dejà Blue

Triple Stumper
    $1000 22
a stalag

David
    $1000 12
Othello

Michael
    $6,400 27
hysterical

Michael
    $1000 16
Hong Kong Phooey

Triple Stumper
    $1000 6
Turkish

Cynthia

Scores at the first commercial break (after clue 15):

Michael David Cynthia
$4,200 $2,400 $1,600

Scores at the end of the Jeopardy! Round:

Michael David Cynthia
$13,000 $3,800 $1,400

Double Jeopardy! Round responses

BODIES OF WATER
VACCINES
HODGEPODGE
ENDS WITH DOUBLE "E"
THE MUSICAL '90s
WHAT COLOR IS YOUR REVOLUTION?
    $400 24
the Colorado

Michael
    $400 25
smallpox

David
    $400 23
(Alex: You've got it, with one minute to go.)

a pound sign

Cynthia
    $400 8
Galilee

Cynthia
    $400 13
Madonna

Triple Stumper
    $400 17
green

Cynthia
    $800 4
(Cynthia: What is the North China Sea?)

the South China Sea

MichaelCynthia
    $800 26
measles

Michael
    $800 27
Medicare & Medicaid

Michael
    $800 9
a squeegee

Michael
    $800 14
Boyz II Men

Cynthia
    $800 18
(Michael: What is carnation?)
(Cynthia: What is pink?)
(David: What is white?)

rose

MichaelDavidCynthia
Triple Stumper
    $1200 1
(Alex: And, Cynthia, be careful. Do not say BOTTLES OF WATER, please.)
[Laughter]
(Cynthia: [Selecting] Okay, let's go with BODIES OF WATER for $1,200.)

the Columbia

David
    $7,000 6
shingles

Michael
    $1200 28
Yorktown

David
    $1200 10
Yahtzee

David
    $1200 15
Annie Lennox

Cynthia
    $1200 20
purple

Michael
    $1600 2
the Hudson Bay

Cynthia
    $1600 5
tetanus

Michael
    $1600 11
étouffée

Michael
    $1600 16
"Macarena"

David
    $1600 21
saffron

Cynthia
    $3,000 3
the Mekong

Cynthia
    $2000 7
(Michael: What is pneum--uh, pneumonococcal?)

pneumococcal

MichaelDavid
    $2000 29
[The end-of-round signal sounds.]

Moab

Cynthia
    $2000 12
Braintree

Michael
    $2000 19
the Goo Goo Dolls

Cynthia
    $2000 22
orange

Michael

Scores at the end of the Double Jeopardy! Round:

Michael David Cynthia
$29,200 $10,600 $13,200
(lock game)

[wagering suggestions for these scores]

Final Jeopardy! Round responses

WOMEN AUTHORS
DavidWho is Pearl Buck?
$3,600
CynthiaWho is Amy Tan
$13,000
MichaelWho is Amy Tan
$2,799
Pearl Buck

Final scores:

Michael David Cynthia
$26,401 $14,200 $200
2-day champion: $38,802 2nd place: $2,000 3rd place: $1,000

Game dynamics:

Coryat scores:

Michael David Cynthia
$18,000 $10,600 $12,200
24 R
(including 2 DDs),
3 W
15 R,
3 W
14 R
(including 1 DD),
3 W

Combined Coryat: $40,800

[game clues] [game scores] [suggest correction]

Game tape date: Unknown
The J! Archive is created by fans, for fans. Scraping, republication, monetization, and malicious use prohibited; this site may use cookies and collect identifying information. See terms. The Jeopardy! game show and all elements thereof, including but not limited to copyright and trademark thereto, are the property of Jeopardy Productions, Inc. and are protected under law. This website is not affiliated with, sponsored by, or operated by Jeopardy Productions, Inc. Join the discussion at JBoard.tv.